[Event "1st Magistral Barbera del Valles 2020"]
[Site "Barbera del Valles"]
[Date "2020.11.23"]
[Round "4.5"]
[White "Peralta, Fernando"]
[Black "Alsina Leal, Daniel"]
[Result "1-0"]
[WhiteElo "2586"]
[BlackElo "2498"]
[Annotator "TA"]
[PlyCount "69"]
[EventDate "2020.11.20"]
[EventType "tourn"]
[EventCountry "ESP"]
[SourceTitle "playchess.com"]
[Source "ChessBase"]
[SourceQuality "1"]

{[%evp 19,68,20,21,22,31,0,35,18,36,22,31,31,61,45,101,69,86,78,91,79,106,105,87,95,102,93,142,144,183,183,201,203,581,560,553,523,523,523,518,517,517,517,494,480,756,748,1462,1462,868,1060,29999]} 1. d4 Nf6 2. c4 g6 3. Nc3 d5 4. cxd5 Nxd5 5. e4 Nxc3 6. bxc3 Bg7 7. Bc4 c5 8. Ne2 O-O 9. O-O Nc6 10. Be3 e6 11. Rc1 {D87: Exchange Grünfeld: Classical Line: Variations without ...cxd4.} Bd7 12. f4 Rc8 13. dxc5 {[#] White is slightly better.} Na5 $146 ({Predecessor:} 13... Qc7 14. Nd4 Na5 15. Bd3 Rfd8 16. Qf3 Bf8 17. f5 exf5 18. exf5 Bc6 19. Qg4 Bxc5 20. fxg6 hxg6 21. Bxg6 fxg6 22. Qxg6+ Kh8 23. Rf7 {1-0 (24) Puth,D (2224)-Ronge,T (2041) Trier 2016}) 14. Bb3 Bb5 15. c4 Bc6 16. e5 g5 (16... f6 $14) 17. Ng3 Qxd1 18. Rcxd1 gxf4 19. Bxf4 f6 20. exf6 Rxf6 21. Nh5 Rg6 22. g3 e5 23. Nxg7 {Threatens to win with Nf5.} Rxg7 24. Bxe5 Re7 {[#]} 25. Rf5 $1 {[%cal Rf5g5] aiming for Rg5+.} Nxb3 $2 {[#]} (25... Be4 {is more resistant.} 26. Rg5+ Bg6) 26. Rg5+ $1 $18 ({Weaker is} 26. axb3 h6 $16) 26... Kf7 27. Rg7+ Kf8 28. Rf1+ Ke8 {And now ...Nd2 would win.} 29. Rg8+ ({Not} 29. axb3 Rxe5 30. Rxh7 Rd8 $17) 29... Kd7 30. Rd1+ Ke6 31. Rxc8 Nxc5 (31... Nd2 $142 32. Rxd2 Kxe5 33. Re2+ Be4) 32. Bd6 Rd7 33. Re8+ Kf7 34. Rf1+ Kxe8 35. Rf8# {Black did not feel at home in the position after the opening.  Weighted Error Value: White=0.06/Black=0.72} 1-0

[Event "1st Magistral Barbera del Valles 2020"]
[Site "Barbera del Valles"]
[Date "2020.11.24"]
[Round "5.1"]
[White "Alsina Leal, Daniel"]
[Black "Krysa, Leandro"]
[Result "1/2-1/2"]
[WhiteElo "2498"]
[BlackElo "2531"]
[Annotator "TA"]
[PlyCount "145"]
[EventDate "2020.11.20"]
[EventType "tourn"]
[EventCountry "ESP"]
[SourceTitle "playchess.com"]
[Source "ChessBase"]
[SourceQuality "1"]

{[%evp 12,145,33,19,34,0,0,0,3,0,8,14,25,0,20,20,85,93,97,89,71,35,113,106,112,16,10,-2,87,81,148,143,233,241,235,226,210,203,274,249,282,103,97,110,90,68,85,87,83,89,75,57,100,100,100,100,100,100,100,100,100,93,93,93,93,91,93,93,93,93,86,85,85,85,85,78,78,78,78,78,78,78,78,78,78,78,78,78,78,78,78,78,78,78,78,78,78,78,78,56,56,0,97,0,97,97,131,131,131,131,131,131,131,131,131,131,131,131,131,131,131,131,131,131,131,131,131,131,131,0,131,131,131,131,131,131]} 1. d4 {Pelletier,Yannik} Nf6 2. c4 g6 3. Nc3 d5 4. cxd5 Nxd5 5. e4 Nxc3 6. bxc3 Bg7 7. Qa4+ Qd7 {D85: Exchange Grünfeld: Unusual White 7th moves and lines with 7 Nf3.} 8. Qa3 (8. Bb5 $5 {[%cal Rb5d7]} c6 9. Bd3 $14) 8... O-O {has lost popularity (8...b6).} 9. Nf3 b6 {The position is equal.} 10. Bd3 Bb7 11. O-O c5 12. Bf4 {[#]} e6 $146 ({Predecessor:} 12... cxd4 13. cxd4 Nc6 14. d5 Na5 15. Rac1 Rfc8 16. h3 e6 17. d6 f6 18. e5 Bxf3 19. exf6 Bxf6 20. gxf3 {1-0 (28) Mamedyarov,S (2765)-Vachier Lagrave,M (2775) Riga 2019 CBM 191 Extra [Pelletier,Yannik]}) 13. Rad1 Qe7 (13... cxd4 $11 {remains equal.} 14. cxd4 Rc8) 14. Rfe1 $16 Nd7 15. Bb5 Rfd8 16. Qb3 h6 ({Black should try} 16... cxd4 $14 17. cxd4 Nf6) 17. d5 e5 18. d6 (18. Bg3 $16) 18... Qe8 $1 $11 19. Bg3 Bf6 (19... a6 $1 $11 20. Bc4 b5) 20. h4 Rab8 {[#]} (20... a6 $142 21. Bxd7 Rxd7) 21. h5 $1 $36 {[%cal Rh5g6][%mdl 2048] White is on the roll.} Kg7 (21... gxh5 $16 22. Bh4 Bxh4 23. Nxh4 a6) 22. hxg6 $18 fxg6 23. Nxe5 Bxe5 24. f4 c4 25. Qc2 Qe6 ({Of course not} 25... Bf6 26. e5 $18) 26. Bxd7 $2 (26. fxe5 $18 {and the rest is easy.} Nc5 27. Rd4) 26... Rxd7 $16 27. fxe5 Rf8 28. Qe2 Bc6 29. Rf1 Rxf1+ 30. Rxf1 Rf7 31. Rxf7+ Kxf7 32. Qf3+ Kg7 33. Bf2 g5 34. Bd4 {aiming for Qf5.} Bd7 35. Kf2 Kg6 36. Ke3 h5 37. Qf6+ Qxf6 38. exf6 {[%mdl 4096] Endgame KB-KB} h4 39. Kf3 g4+ 40. Kf4 h3 {Hoping for ...h2.} 41. gxh3 gxh3 42. Kg3 Be6 43. a3 Kf7 44. e5 Kg6 45. Bg1 Kf7 46. Bh2 Ke8 47. Kf4 Kf7 48. Ke4 Ke8 49. Bg3 Kd7 50. Kd4 Kc6 51. Ke3 {Kf4 is the strong threat.} Kd7 52. Bh2 Ke8 53. Kd2 Kd7 54. Kc1 Kc6 55. a4 Kd7 $1 56. Kb2 (56. Kd2 $14) 56... Kc6 {[#]} (56... a5 $11) 57. Ka3 ({White should play} 57. a5 $1 $16 {[%mdl 512]}) 57... Kd7 {[#]} (57... a5 $1 $11) 58. a5 $1 {[%mdl 512]} bxa5 59. Ka4 Bf7 60. Kxa5 Be6 61. Ka6 {Cut Off at move 61} Bf7 62. Kxa7 Be6 63. Kb6 Bf7 64. Kc5 Be6 65. Kd4 Bf7 66. Ke4 Be6 67. Bg3 Ke8 68. Ke3 Kd7 69. Bh2 Ke8 70. Ke4 Kd7 $1 71. Kf4 {Threatens to win with Kg5.White is clearly better.} Ke8 72. Kg5 {Strongly threatening Kg6.} Kf7 73. Bg3 {Blacks defense is rewarded with a draw.  Weighted Error Value: White=0.13/Black=0.21} 1/2-1/2

[Event "1st Magistral Barbera del Valles 2020"]
[Site "Barbera del Valles"]
[Date "2020.11.24"]
[Round "5.2"]
[White "Studer, Noel"]
[Black "Peralta, Fernando"]
[Result "1-0"]
[WhiteElo "2582"]
[BlackElo "2586"]
[Annotator "TA"]
[PlyCount "91"]
[EventDate "2020.11.20"]
[EventType "tourn"]
[EventCountry "ESP"]
[SourceTitle "playchess.com"]
[Source "ChessBase"]
[SourceQuality "1"]

{[%evp 11,91,14,14,8,18,0,12,4,9,0,0,0,0,0,0,-21,-33,-34,0,0,0,0,0,0,0,0,0,0,-2,0,-5,-4,0,0,18,0,9,0,0,0,0,0,0,0,0,0,0,0,0,0,186,188,183,192,189,181,185,180,189,185,174,174,625,128,137,136,185,184,223,153,320,320,311,311,310,290,29992,29992,29993,29994,29994,29991]} 1. e4 c6 2. d4 d5 3. exd5 cxd5 4. Bd3 Nf6 5. h3 Nc6 6. c3 g6 7. Nf3 {B13: Caro-Kann: Exchange Variation and Panov-Botvinnik Attack.} Bf5 8. Be2 $1 {[%mdl 4] is now more promising than 8.0-0.} e6 9. O-O {[#] The position is equal.} h6 $146 ({Predecessor:} 9... h5 10. Qb3 Rb8 11. Re1 Bd6 12. Bg5 Kf8 13. Nbd2 Kg7 14. c4 Be7 15. Bf4 Bd6 16. Bg5 Be7 17. Bf4 Bd6 18. Bg5 {½-½ (18) Safarli,E (2593)-Berkes,F (2667) Douglas 2019}) 10. Re1 g5 11. Ne5 Nxe5 12. dxe5 Nd7 13. c4 dxc4 14. Bxc4 {[#]} Nxe5 $1 {[%mdl 512]} 15. Bb5+ (15. Qxd8+ Rxd8 16. Bb5+ Ke7 $17) (15. Rxe5 Qxd1+) 15... Nc6 16. Qf3 Be7 $1 17. Bxc6+ bxc6 18. Qxc6+ Kf8 19. Nc3 Kg7 20. Be3 Bf6 21. Rad1 Qb8 22. Re2 Rc8 23. Qa4 Qc7 24. Bd4 {aiming for Bxf6+.} Qc4 25. Bxf6+ Kxf6 26. Qd7 Kg7 27. Red2 a6 28. Qd6 Qf4 29. Qa3 Qc7 30. Na4 Qa5 $2 (30... Rab8 $11 {and Black has nothing to worry.}) 31. b4 $1 $18 {[%cal Rb4a5]} Qe5 32. Nb6 $1 {[%cal Rb6c8]} Rc2 33. Rxc2 Bxc2 34. Nd7 $1 {[%cal Rd7e5]} Qc7 35. Qb2+ $1 e5 36. Rd5 $1 {[%cal Rd5e5]} f6 $2 {[#]} (36... Re8 37. Nxe5 Kg8) 37. Nxe5 $2 (37. Nxf6 $1 $18 {[%mdl 512] is the precise move to win.} Ba4 (37... Kxf6 38. Rc5) 38. Nh5+ Kf8 39. b5 Bxb5 40. Rxe5) 37... Bf5 $16 (37... fxe5 $2 38. Rxe5 Kg8 39. Rc5 $1 $18 {[%mdl 512]}) 38. Rc5 Qd6 39. Nc4 $36 {[%mdl 2048] White has strong initiative.} Qd1+ 40. Kh2 Be6 $2 {[#] A mistake that costs the game.} (40... Qd7 $16 41. Ne3 Be6) 41. Rc7+ $1 $18 Kg6 {[#]} 42. Ne5+ $1 {[%mdl 512]} fxe5 43. Qxe5 Re8 $2 (43... Bf7 $18) 44. Rg7+ {White mates.} Kh5 45. f4 Rg8 46. Qxe6 {Weighted Error Value: White=0.14/Black=0.49} (46. g4+ Bxg4 47. hxg4+ (47. Rxg8 Qc2+ 48. Kg3 Qd3+ 49. Kg2 Qxh3+ 50. Kg1 Qg3+ {[%mdl 64] Double Attack} 51. Kf1 Qd3+ 52. Kg2 Qh3+ 53. Kg1 Qg3+ {[%mdl 64] Double Attack} 54. Kf1 Qf3+ 55. Kg1 Qg3+ $11) 47... Kh4 $18) 1-0

[Event "1st Magistral Barbera del Valles 2020"]
[Site "Barbera del Valles"]
[Date "2020.11.24"]
[Round "5.3"]
[White "Santos Latasa, Jaime"]
[Black "Munoz, Miguel"]
[Result "1-0"]
[WhiteElo "2600"]
[BlackElo "2442"]
[Annotator "TA"]
[PlyCount "83"]
[EventDate "2020.11.20"]
[EventType "tourn"]
[EventCountry "ESP"]
[SourceTitle "playchess.com"]
[Source "ChessBase"]
[SourceQuality "1"]

{[%evp 17,83,42,67,56,66,62,62,62,66,55,108,109,106,116,113,116,107,68,86,108,158,130,144,147,146,-67,-59,-39,-17,-14,-33,-34,0,0,0,0,0,0,0,0,0,0,0,0,352,364,422,416,445,437,402,397,372,303,301,227,219,220,214,189,212,212,213,211,1405,1408,1350,1304]} 1. d4 Nf6 2. c4 c5 3. d5 g6 4. Nc3 Bg7 5. e4 d6 6. h3 O-O 7. Nf3 e6 8. Bd3 exd5 9. exd5 Qe7+ 10. Be3 {10.Qe2 is vanishing. E90: King's Indian: Classical: Early deviations and 6 h3.} Bh6 11. O-O Bxe3 12. Qe2 {[%mdl 64] [#] Pin. White is slightly better.} Na6 $146 ({Predecessor:} 12... Nbd7 13. Rae1 Re8 14. Nb5 Ne5 15. Qxe3 Qd8 16. Nxe5 Rxe5 17. Qg3 Nh5 18. Qh2 f6 {1-0 (54) Kuybokarov,T (2499)-Yuffa,D (2570) Abu Dhabi 2018}) 13. Rae1 Bd7 (13... Nc7 $14) 14. fxe3 $16 Nh5 {With the idea ...Ng3.} 15. Qf2 f5 16. e4 f4 17. Kh2 Ng3 18. Rg1 $1 g5 19. e5 g4 20. e6 $1 {[%cal Re6d7]} Be8 21. Nd2 $2 ({White has to play} 21. hxg4 $16 {aiming for Ne2.} Bg6 22. Ne4) 21... Nb4 $15 22. Bb1 {Hoping for Ne2.} Bg6 $36 {[%mdl 2048] And now ...Bxb1 would win. Black fights for an advantage.} 23. Nf1 Bxb1 24. Rxb1 Nd3 (24... Qh4 $5 {[%cal Rb4d3]} 25. Qd2 (25. Nxg3 $2 Nd3 $19) 25... Nxa2 $1 $11 {[%mdl 512]}) 25. Qc2 $1 {[%cal Rc2d3]} Ne5 $1 26. Nxg3 fxg3+ 27. Kxg3 gxh3 28. gxh3 (28. Kh2 $2 Rf2 $3 $19 {[%mdl 512]}) 28... Nf3 {( -> ...Qg5+)} 29. Kg2 $1 {[%cal Rg2h1]} Kh8 30. Ne4 $1 {Threatens to win with Kh1.} (30. Kh1 Qh4 $17) 30... Rf4 $2 {[%mdl 8192]} (30... Nd4 $11 {and Black stays safe.} 31. Qd2 Qh4 32. Nxd6 Rf3 33. Qxd4+ {[%mdl 64] Remove Defender} (33. Nf7+ Rxf7 34. exf7 Qe4+ 35. Kg3 Qe5+ 36. Kg2 Qe4+ 37. Kg3 Qe5+ 38. Kg2 Qe4+ $11) 33... Qxd4 34. Kxf3 Qf6+ 35. Ke4 Qd4+ 36. Kf5 Qf2+ 37. Ke4 Qd4+ 38. Kf5 Qf2+ 39. Ke4 Qd4+) 31. Kh1 $18 Raf8 32. Rbf1 Ne5 33. Rxf4 Rxf4 34. Qg2 {[%csl Gg1][%cal Rg2g8]} Ng6 35. Rf1 Qf8 36. Ng3 Qf6 37. Qe2 Rxf1+ 38. Nxf1 Qh4 {[#]} 39. Kh2 $1 Qf4+ 40. Ng3 Ne5 $2 (40... b6 41. b3 (41. e7 Nxe7 42. Kg2 Qf8 $11) 41... a6) 41. e7 Qf7 {[#]} 42. Nf5 $1 {[%mdl 512] Weighted Error Value: White=0.14/Black=0.21} 1-0

[Event "1st Magistral Barbera del Valles 2020"]
[Site "Barbera del Valles"]
[Date "2020.11.24"]
[Round "5.4"]
[White "Narciso Dublan, Marc"]
[Black "Grigoryan, Karen H."]
[Result "0-1"]
[WhiteElo "2492"]
[BlackElo "2659"]
[Annotator "TA"]
[PlyCount "92"]
[EventDate "2020.11.20"]
[EventType "tourn"]
[EventCountry "ESP"]
[SourceTitle "playchess.com"]
[Source "ChessBase"]
[SourceQuality "1"]

{[%evp 9,92,2,15,-4,2,0,9,20,3,0,0,0,0,0,0,0,0,0,0,0,0,0,42,39,54,54,41,25,33,1,9,0,31,-42,-47,-47,-52,-95,-106,-73,-77,-95,-63,-66,-74,-161,-149,-152,-144,-175,-163,-339,-317,-650,-633,-704,-626,-637,-629,-793,-827,-904,-897,-889,-845,-874,-862,-849,-826,-878,-816,-1112,-1078,-900,-709,-752,-630,-611,-604,-889,-875,-29989,-29990,-29991,-29992]} 1. d4 Nf6 2. Bg5 d5 3. e3 c5 4. Bxf6 gxf6 5. dxc5 e6 6. Nf3 {D00: 1 d4 d5: Unusual lines.} Bxc5 7. Be2 {7.Be2 scores better than 7.c4.} b6 $5 {[%mdl 4] Leaves trodden paths.} 8. c4 {The position is equal.} dxc4 {[#]} 9. Nbd2 $146 ({Predecessor:} 9. Qa4+ Nd7 10. O-O O-O 11. Rd1 Qe7 12. Qxc4 Bb7 13. Nc3 Rfd8 14. Qh4 Nf8 15. Ne4 Bxe4 16. Qxe4 {½-½ (64) Shimanov,A (2613)-Azarov,S (2585) chess.com INT 2019}) 9... c3 10. bxc3 Bb7 11. O-O Qc7 12. Nd4 a6 13. Bf3 Nd7 14. Bxb7 Qxb7 15. Qh5 Ke7 16. f3 Rag8 17. Ne4 Rg6 18. Rf2 Kf8 19. Rd1 Kg7 20. Qh4 Rg8 21. Kh1 ({Better is} 21. Nxc5 $14 bxc5 22. Ne2) 21... Be7 $15 22. Ng3 Ne5 23. e4 Kh8 24. Qf4 Nc4 25. Qc1 Ba3 26. Qb1 Bc5 {Black converts the advantage convincingly.} 27. Qd3 (27. Re2 $17) 27... b5 $19 28. Rc2 Rxg3 29. hxg3 Qb8 30. g4 $2 (30. f4) 30... Qg3 31. f4 $2 (31. Kg1) 31... Ne3 {[%mdl 64] [#] Double Attack} 32. g5 Qh4+ 33. Kg1 Nxd1 34. g3 Qg4 35. Rd2 fxg5 36. f5 e5 {[%mdl 64] Pin} 37. Rxd1 exd4 38. Kg2 Rd8 39. e5 h5 40. Rh1 Bb6 {Threatens to win with ...dxc3.} 41. e6 f6 42. Re1 h4 (42... dxc3 {[#]} 43. e7 $3 {[%mdl 512]} Kg7 44. exd8=Q Bxd8 45. Qxd8 Qc4 46. Re7+ Qf7 47. Qe8 Qxe7 48. Qxe7+) 43. e7 Re8 {Strongly threatening ...dxc3.} 44. Re6 Bc7 {[%cal Rc7g3]} 45. Qxd4 h3+ 46. Kf1 Qxf5+ {[%mdl 64] Double Attack.  Weighted Error Value: White=0.50/Black=0.08} 0-1

[Event "1st Magistral Barbera del Valles 2020"]
[Site "Barbera del Valles"]
[Date "2020.11.24"]
[Round "5.5"]
[White "Cheparinov, Ivan"]
[Black "Oratovsky, Michael"]
[Result "1/2-1/2"]
[WhiteElo "2688"]
[BlackElo "2414"]
[Annotator "TA"]
[PlyCount "62"]
[EventDate "2020.11.20"]
[EventType "tourn"]
[EventCountry "ESP"]
[SourceTitle "playchess.com"]
[Source "ChessBase"]
[SourceQuality "1"]

{[%evp 9,62,15,33,39,36,17,27,22,32,27,38,30,31,52,33,7,7,7,7,2,8,-8,5,-30,-26,-21,-25,-60,-28,-22,-23,-30,-11,-39,-31,-26,0,-44,-38,-31,-35,-31,-33,-75,-78,-76,-77,-85,-87,-114,-113,-108,-107,-127,-11]} 1. e4 d6 2. d4 Nf6 3. Nc3 e5 4. Nf3 Nbd7 5. Rg1 g6 6. g4 {C41: Philidor Defence.} Bg7 7. g5 Nh5 8. Be3 {White has an edge.} O-O 9. Qd2 Nb6 {[#]} 10. a4 $146 {[%cal Ba2a4,Ba4a5][%mdl 32]} ({Predecessor:} 10. O-O-O f5 11. dxe5 fxe4 12. Bxb6 axb6 13. Qd5+ Kh8 14. Qxe4 Qe7 15. Nd5 Qf7 16. Bc4 {½-½ (24) Khamrakulov,D (2498)-Kadric,D (2502) Charlotte 2018}) 10... f5 11. exf5 Bxf5 12. a5 Nd7 13. dxe5 Nxe5 14. Nxe5 Bxe5 15. Bc4+ Kh8 16. Bd4 c6 17. O-O-O Qxa5 {Black wants to play ...b5.} 18. f4 $1 {[%cal Rf4e5]} Bg7 19. Bxg7+ $1 Nxg7 20. Qxd6 Rad8 21. Qe7 Rde8 22. Qd6 Rd8 23. Qa3 Qxa3 $40 {[%mdl 128] White needs to defend precisely.} 24. bxa3 Nh5 25. Rxd8 Rxd8 26. Re1 Nxf4 {Black is better.} 27. Re7 b5 28. Bb3 Nh3 29. Be6 Nxg5 30. Bxf5 gxf5 31. h4 Ne4 {Weighted Error Value: White=0.11/Black=0.06} ({Better is} 31... Nf3 $17 32. Rxa7 Nxh4) 1/2-1/2

[Event "1st Magistral Barbera del Valles 2020"]
[Site "Barbera del Valles"]
[Date "2020.11.25"]
[Round "6.1"]
[White "Krysa, Leandro"]
[Black "Oratovsky, Michael"]
[Result "1/2-1/2"]
[WhiteElo "2531"]
[BlackElo "2414"]
[Annotator "TA"]
[PlyCount "89"]
[EventDate "2020.11.20"]
[EventType "tourn"]
[EventCountry "ESP"]
[SourceTitle "playchess.com"]
[Source "ChessBase"]
[SourceQuality "1"]

{[%evp 10,89,27,0,0,0,9,-36,46,52,63,18,10,17,7,0,4,16,14,6,12,-16,-2,2,-2,-14,27,0,16,18,35,37,31,39,36,29,27,22,27,24,16,25,35,15,73,79,68,38,56,41,41,23,41,0,55,21,39,30,89,88,81,72,83,61,67,57,58,50,60,50,55,39,51,0,0,0,2,0,0,0,11,0]} 1. c4 e5 2. g3 c6 3. Nf3 e4 4. Nd4 d5 5. cxd5 Qxd5 6. e3 Bc5 {A20: English Opening: 1...e5.} 7. Nc3 Qe5 8. Nb3 {[#]} Be7 $146 (8... Bb6 $15) ({Predecessor:} 8... Bb6 9. d4 exd3 10. Qxd3 Nf6 11. Bg2 O-O 12. Qe2 Rd8 13. O-O Bg4 14. f3 Bf5 {0-1 (29) Kjartansson,G (2446)-Grandelius,N (2646) Reykjavik 2016}) 9. d4 $14 exd3 $1 10. Qxd3 Nf6 11. Bg2 O-O 12. Qe2 Na6 13. O-O Nc5 14. Nd4 Re8 15. b4 Ne6 16. Nxe6 Bxe6 17. Bb2 Qd6 ({Not} 17... Bxb4 $2 18. Nd5 $18) 18. a3 Bg4 19. Qc2 Qe6 20. Ne2 {[%cal Bc3e2,Be2d4,Bd4f5][%mdl 32]} Bf5 21. Qc3 Qc8 22. e4 Bh3 23. f3 Bxg2 24. Kxg2 Bf8 25. Nd4 c5 26. Nf5 {Black should prevent Nh6+!} Re6 (26... Qe6 $1 $11 {keeps the balance.}) 27. Rac1 $16 {[%cal Rb4c5]} b6 28. Qe3 Qb7 29. bxc5 bxc5 30. Rc2 Rae8 31. Kg1 c4 ({Better is} 31... Rd8 $11) 32. Bd4 Qa6 33. Rfc1 Qxa3 (33... Rc8 $11) 34. Qxa3 Bxa3 35. Ra1 Bf8 36. Rxc4 a6 37. Rca4 Ra8 38. Kg2 g6 39. Ne3 Bg7 40. g4 Rd8 41. Bxf6 Rd2+ {The position is equal.} 42. Kg3 {[#] Strongly threatening Bxg7.} Bxf6 43. R1a2 Be5+ 44. f4 Rd3 45. fxe5 {Weighted Error Value: White=0.12/Black=0.14} 1/2-1/2

[Event "1st Magistral Barbera del Valles 2020"]
[Site "Barbera del Valles"]
[Date "2020.11.25"]
[Round "6.2"]
[White "Grigoryan, Karen H."]
[Black "Cheparinov, Ivan"]
[Result "1/2-1/2"]
[WhiteElo "2659"]
[BlackElo "2688"]
[Annotator "TA"]
[PlyCount "127"]
[EventDate "2020.11.20"]
[EventType "tourn"]
[EventCountry "ESP"]
[SourceTitle "playchess.com"]
[Source "ChessBase"]
[SourceQuality "1"]

{[%evp 12,127,0,0,0,0,0,0,7,9,6,0,11,0,0,-13,0,0,0,0,0,0,0,-27,0,0,17,17,16,16,33,16,10,16,23,18,33,0,0,0,0,-4,-6,-12,-8,-104,-95,-96,-93,-114,-114,-114,-114,-114,-88,-95,-85,-85,-85,-85,-85,-85,-85,-85,-85,-93,-93,-92,-93,-100,-100,-100,-100,-100,-100,-100,-100,-100,-100,-100,-100,-100,-100,-100,0,-100,-100,-100,0,-100,-100,-100,-100,-100,-100,-100,-100,-100,-100,-100,-100,-100,-100,-100,-58,-60,0,-100,0,-100,-100,-100,-100,-100,-100,-100,-89,-100]} 1. d4 Nf6 2. Bg5 c5 3. Bxf6 exf6 4. dxc5 Bxc5 5. e3 d5 6. Nf3 Nc6 7. c3 O-O {D00: 1 d4 d5: Unusual lines.} 8. Nbd2 {[%cal Bb1d2,Bd2b3,Bb3c1,Bc1d3,Bd3f4][%mdl 32]} Bb6 9. Be2 {[#]} Qe7 $146 {The position is equal.} ({Predecessor:} 9... Bf5 10. Nb3 Be4 11. O-O Re8 12. Nfd4 Qe7 13. Bd3 Ne5 14. Bxe4 dxe4 15. Qc2 Nd7 {½-½ (49) Guevara Pijoan,J (2277)-Kolpak,S (2324) ICCF email 2013}) 10. Nb3 Rd8 11. Nfd4 g6 12. O-O h5 13. h4 Ne5 14. Nc1 Ng4 15. Nd3 Qd6 {[%csl Gg4][%cal Rd6h2] [#]} 16. Bxg4 hxg4 17. Nf4 a6 18. h5 Bc7 {Strongly threatening ...g5.} 19. hxg6 fxg6 20. Qd3 f5 21. g3 g5 22. Nfe2 Qe5 23. f4 gxf3 $1 24. Rxf3 {[%cal Rd4f5]} Qe4 25. Qxe4 fxe4 26. Rf6 Rd6 27. Rf2 Bb6 28. Rh2 (28. Kg2 $11 {remains equal.}) 28... Bg4 $17 29. Rf1 Rf8 30. Rh8+ Kxh8 31. Rxf8+ Kg7 32. Rf2 Rh6 (32... Kg6 {seems wilder.} 33. Nc2 Rd8 34. a3 Bc7 35. Ncd4 Bd6) 33. Kg2 Rf6 (33... Rh8 {is more complex.} 34. Ng1 Kg6 35. Rd2 Kf6 36. Nc2 Ke6) 34. Rxf6 Kxf6 {[%mdl 4096] Endgame KBB-KNN} 35. Kf2 Bc7 36. Nc1 Bd7 37. Ncb3 b6 38. Nd2 Bd6 39. a3 Ke5 40. Nf1 a5 {[%cal Ba6a5,Ba5a4][%mdl 32]} 41. Nd2 a4 42. Nf1 Kf6 43. Nh2 Kg6 44. Kg2 Kh5 45. Nf1 Bc8 46. Nh2 Bc5 47. Nf1 Bd6 48. Nh2 $1 Kg6 49. Nf1 Bd7 50. Nh2 $1 Be5 51. Nf1 Kf6 52. Nh2 Ke7 53. Nf1 Kd6 54. Nd2 Kc5 55. Kf2 Bh3 56. Nc2 Kd6 57. Nd4 Kd7 58. Nb1 Kd6 59. Nd2 Kc5 60. Nc2 $1 Kc6 {Black is better.} 61. Nd4+ Kd6 62. Nb1 Bd7 63. Kg2 Ke7 64. Nd2 {Weighted Error Value: White=0.05/Black=0.09} 1/2-1/2

[Event "1st Magistral Barbera del Valles 2020"]
[Site "Barbera del Valles"]
[Date "2020.11.25"]
[Round "6.3"]
[White "Munoz, Miguel"]
[Black "Narciso Dublan, Marc"]
[Result "1-0"]
[WhiteElo "2442"]
[BlackElo "2492"]
[Annotator "TA"]
[PlyCount "80"]
[EventDate "2020.11.20"]
[EventType "tourn"]
[EventCountry "ESP"]
[SourceTitle "playchess.com"]
[Source "ChessBase"]
[SourceQuality "1"]

{[%evp 9,80,0,0,0,2,0,0,0,6,-1,0,14,35,0,14,8,22,0,0,0,0,0,47,50,170,180,164,48,298,286,282,295,285,289,271,285,282,278,255,194,200,220,207,203,259,254,240,227,233,277,344,307,431,410,418,429,425,411,390,366,483,470,465,465,857,834,785,759,694,667,529,317,247]} 1. e4 d6 2. g3 d5 3. exd5 Qxd5 4. Nf3 Bg4 5. Be2 Nc6 {[#] Strongly threatening ...Nd4.} 6. h3 {B07: Pirc Defence: Miscellaneous Systems.} Bh5 {[#]} 7. g4 $146 ({Predecessor:} 7. Nc3 Qd7 8. d4 e6 9. Bf4 Nf6 10. g4 Bg6 11. Bb5 Bb4 12. Ne5 Bxc3+ 13. bxc3 {½-½ (21) Munoz Pantoja,M (2514)-Mateus,A (2334) Badalona 2019}) 7... Bg6 8. d4 {The position is equal.} e6 9. c4 Qd7 10. Nc3 O-O-O 11. Be3 h5 {Hoping for ...hxg4.} 12. g5 Bb4 13. Qb3 Nge7 14. O-O-O {aiming for Ne5.} Bxc3 15. bxc3 Nf5 16. Bf4 b6 ({Black should try} 16... Nfe7 $14) 17. c5 $18 Kb7 18. Rhe1 (18. Ne5 $18 Nxe5 19. Bxe5) 18... h4 $2 {This costs Black the game.} (18... Na5 $1 $14 19. Qa3 f6) 19. Bb5 Qc8 20. Bxc6+ Kxc6 {[#]} 21. Ne5+ $1 Kb7 22. Nxg6 {[%mdl 64] Overworked Piece} fxg6 23. Rxe6 Rhe8 24. Rde1 Rxe6 25. Rxe6 c6 26. Qc4 ({Don't play} 26. Rxg6 $6 Rd5 $16) 26... Re8 27. d5 ({Don't take} 27. Rxg6 $6 b5 $18) 27... Rxe6 28. dxe6 Qd8 29. Kc2 Qe7 {intending ...b5.} 30. cxb6 axb6 (30... Kxb6 {might work better.} 31. Qb3+ Ka6) 31. a4 Qa3 32. Kb1 Qe7 33. Kb2 Qd8 34. Qe4 Qe7 35. Qe5 {White wants to mate with Qb8+.} Qd8 36. Kc2 c5 (36... Ka7 $142 37. Qc7+ Qxc7 38. Bxc7 Kb7) 37. Qe4+ Ka7 38. Qc6 {White threatens Qd7+ and mate.} Qa8 39. Qd7+ Ka6 40. Kb3 Qe4 {Weighted Error Value: White=0.17/Black=0.30} 1-0